[Event "Reykjavik Open 2016"]
[Site "Reykjavik ISL"]
[Date "2016.03.09"]
[Round "2.102"]
[White "Gislason, Jason Andri"]
[Black "Acevedo Mendez, Lisseth"]
[Result "0-1"]
[WhiteElo "1319"]
[BlackElo "1886"]
[WhiteFideId "2311283"]
[BlackFideId "6502938"]
[EventDate "2016.03.08"]

1. e4 e5 2. Nf3 Nc6 3. d4 exd4 4. Bc4 Nf6 5. e5 Ne4 6. Nxd4 Nxe5 7. Bd3 Nxd3+ 8.
Qxd3 d5 9. O-O Be7 10. f3 Nf6 11. Bg5 O-O 12. Nc3 c6 13. Rfe1 Re8 14. Re2 Bd7
15. Rae1 h6 16. Bh4 Bc5 17. Rxe8+ Bxe8 18. Kh1 Bd7 19. a3 Ne4 20. Nxe4 Qxh4 21.
g3 dxe4 22. Rxe4 Qf6 23. Rf4 Qg5 24. Qc4 Qd5 25. Qd3 Re8 26. Qd2 Bh3 27. c3 Bxd4
28. cxd4 g5 29. Re4 Rxe4 30. fxe4 Qxe4+ 31. Kg1 Qb1+ 32. Kf2 Qh1 33. Ke3 Qg1+
34. Kd3 Bg2 35. Kc3 Qxh2 36. Qe3 Bd5 37. b4 Qa2 38. Qe8+ Kh7 39. Qe3 Qxa3+ 40.
Kd2 Qxb4+ 41. Ke2 Qb2+ 42. Ke1 Qb1+ 43. Kd2 Qe4 0-1

[Event "Reykjavik Open 2016"]
[Site "Reykjavik ISL"]
[Date "2016.03.09"]
[Round "2.103"]
[White "Johannsson, Birkir Isak"]
[Black "Pashkov, Vladimir M."]
[Result "0-1"]
[WhiteElo "1303"]
[BlackElo "1881"]
[WhiteFideId "2314673"]
[BlackFideId "24194778"]
[EventDate "2016.03.08"]

1. d4 d5 2. c4 e6 3. Nc3 Nf6 4. Bg5 Be7 5. Nf3 O-O 6. e3 Nbd7 7. Rc1 h6 8. Bh4
b6 9. Be2 Bb7 10. O-O c5 11. b3 Rc8 12. h3 Ne4 13. Bxe7 Qxe7 14. Nd2 f5 15. f3
Ng3 16. Rf2 f4 17. exf4 Rxf4 18. dxc5 Nxc5 19. Nf1 Qg5 20. Nxg3 Qxg3 21. b4 Rh4
22. Rf1 Rxh3 23. Qe1 Qh2+ 24. Kf2 Nd7 25. Rh1 Qxh1 26. Qxh1 Rxh1 27. Rxh1 dxc4
28. Nb5 Bd5 29. Rc1 a6 30. Nc3 Kf7 31. a4 Ke7 32. Ke3 Ne5 33. Nxd5+ exd5 34. f4
Nc6 35. b5 axb5 36. axb5 Na5 37. Bd1 Rc5 38. Ba4 Nb3 39. Rd1 d4+ 40. Ke4 d3 41.
Bxb3 cxb3 42. Rxd3 Rxb5 43. Rd1 b2 44. Rb1 Kd6 45. g3 Kc5 46. Kd3 Rb3+ 47. Kc2
Rxg3 0-1

[Event "Reykjavik Open 2016"]
[Site "Reykjavik ISL"]
[Date "2016.03.09"]
[Round "2.104"]
[White "Hielscher, Ursula"]
[Black "Magnusson, Thorsteinn"]
[Result "1-0"]
[WhiteElo "1875"]
[BlackElo "1314"]
[WhiteFideId "4658965"]
[BlackFideId "2310287"]
[EventDate "2016.03.08"]

1. d4 d5 2. c4 c6 3. Nc3 Nf6 4. Bg5 Nbd7 5. Nf3 e6 6. e3 Qa5 7. Bxf6 Nxf6 8. Nd2
Bb4 9. Qc2 Ne4 10. Rc1 Nxd2 11. Qxd2 dxc4 12. Bxc4 b5 13. Bd3 a6 14. a3 Bd6 15.
O-O e5 16. Qc2 exd4 17. Ne4 Qc7 18. Nxd6+ Qxd6 19. Qxc6+ Qxc6 20. Rxc6 dxe3 21.
fxe3 O-O 22. Rc7 Be6 23. Be4 Rad8 24. Ra7 Rd2 25. b4 Bc4 26. Rf4 Re2 27. Rxa6
Rxe3 28. Kf2 Re2+ 29. Kf3 Rb2 30. Ke3 Rd8 31. Rf2 Rxf2 32. Kxf2 h6 33. Ra8 Rxa8
34. Bxa8 Kf8 35. Ke3 Ke7 36. Kd4 f5 37. Kc5 g5 38. a4 f4 39. a5 g4 40. Kb6 Bf1
41. a6 Bxg2 42. Bxg2 f3 43. Bf1 h5 44. a7 h4 45. a8=Q g3 46. hxg3 hxg3 47. Qxf3 1-0

[Event "Reykjavik Open 2016"]
[Site "Reykjavik ISL"]
[Date "2016.03.09"]
[Round "2.105"]
[White "Davidsson, Stefan Orri"]
[Black "Hauksson, Hordur Aron"]
[Result "0-1"]
[WhiteElo "1244"]
[BlackElo "1873"]
[WhiteFideId "2311399"]
[BlackFideId "2303680"]
[EventDate "2016.03.08"]

1. e4 c5 2. c3 d5 3. exd5 Qxd5 4. d4 Nf6 5. Nf3 Bf5 6. Be3 cxd4 7. cxd4 Bxb1 8.
Qa4+ Nc6 9. Rxb1 e6 10. Rc1 Bb4+ 11. Ke2 O-O 12. a3 Be7 13. b4 a6 14. Qc2 Rac8
15. Qb2 Na7 16. Nd2 Rxc1 17. Qxc1 Rc8 18. Qb2 Nb5 19. Ke1 Ne4 20. Bxb5 axb5 21.
Rg1 Nc3 22. Nb3 Na4 23. Qb1 Rc3 24. Nc5 Rxa3 25. Nxa4 bxa4 26. Qb2 Rb3 27. Qa1
Bxb4+ 28. Ke2 Ra3 29. Qc1 Ra2+ 30. Kd1 Qb3+ 31. Qc2 Qxc2# 0-1

[Event "Reykjavik Open 2016"]
[Site "Reykjavik ISL"]
[Date "2016.03.09"]
[Round "2.106"]
[White "Schadd, Jan"]
[Black "Birkisdottir, Freyja"]
[Result "1-0"]
[WhiteElo "1864"]
[BlackElo "1246"]
[WhiteFideId "1047230"]
[BlackFideId "2311860"]
[EventDate "2016.03.08"]

1. Nf3 c5 2. e3 Nc6 3. d4 cxd4 4. exd4 e6 5. Nc3 a6 6. Bf4 Nf6 7. Bd3 Be7 8. O-O
O-O 9. Re1 d5 10. h3 Qb6 11. Rb1 Nxd4 12. Nxd4 Bc5 13. Na4 Qb4 14. Nxc5 g6 15.
Be5 b6 16. Bxf6 bxc5 17. Qc1 Qxd4 18. Bxd4 cxd4 19. Qh6 f5 20. g4 a5 21. gxf5
exf5 22. Re7 Rf7 23. Re8+ Rf8 24. Rxf8# 1-0

[Event "Reykjavik Open 2016"]
[Site "Reykjavik ISL"]
[Date "2016.03.09"]
[Round "2.107"]
[White "Lochte, Szilvia"]
[Black "Kristofersson, Sindri Snaer"]
[Result "1-0"]
[WhiteElo "1859"]
[BlackElo "1212"]
[WhiteFideId "708410"]
[BlackFideId "2310732"]
[EventDate "2016.03.08"]

1. d4 d5 2. Nf3 c6 3. Bf4 Nf6 4. Nbd2 Bg4 5. c3 e6 6. e3 Bd6 7. Qb3 b6 8. Ne5
O-O 9. Bg5 Bf5 10. Be2 h6 11. Bh4 c5 12. c4 a6 13. Bxf6 gxf6 14. Ng4 Bxg4 15.
Bxg4 dxc4 16. Nxc4 Bc7 17. dxc5 bxc5 18. O-O Nc6 19. f4 Qd5 20. Bf3 Qd7 21. Rad1
Qe8 22. Qb7 Rb8 23. Qxc6 Qxc6 24. Bxc6 Rbc8 25. Bf3 Rb8 26. Rd7 Rfd8 27. Rfd1
Rxd7 28. Rxd7 Kf8 29. Bh5 Rb7 30. Rxf7+ Kg8 31. Rxf6 Rb4 32. b3 a5 33. Rxe6 1-0

[Event "Reykjavik Open 2016"]
[Site "Reykjavik ISL"]
[Date "2016.03.09"]
[Round "2.108"]
[White "Kristbergsson, Bjorgvin"]
[Black "Heyne, Regina"]
[Result "0-1"]
[WhiteElo "1100"]
[BlackElo "1858"]
[WhiteFideId "2305232"]
[BlackFideId "4613236"]
[EventDate "2016.03.08"]

1. c4 e6 2. Nc3 d5 3. cxd5 exd5 4. d4 Nf6 5. f3 Nc6 6. a3 Be7 7. g3 O-O 8. b3
Re8 9. e3 Nb8 10. Bd3 b6 11. Bb2 c5 12. Nge2 Bd6 13. Qd2 a6 14. O-O-O Nc6 15.
dxc5 Bxc5 16. e4 Na5 17. Qc2 Bb7 18. b4 Be3+ 19. Kb1 d4 20. bxa5 Rc8 21. axb6
Qxb6 22. Na4 Qa5 23. Qb3 Bc6 24. Qb4 Qxa4 25. Qxa4 Bxa4 26. Rhf1 Rb8 27. Bxa6
Rb6 28. Bd3 Reb8 29. e5 Rxb2+ 30. Ka1 R2b3 31. exf6 Rxa3# 0-1

[Event "Reykjavik Open 2016"]
[Site "Reykjavik ISL"]
[Date "2016.03.09"]
[Round "3.1"]
[White "Rapport, Richard"]
[Black "Esserman, Marc"]
[Result "1/2-1/2"]
[WhiteTitle "GM"]
[BlackTitle "IM"]
[WhiteElo "2720"]
[BlackElo "2458"]
[WhiteFideId "738590"]
[BlackFideId "2018616"]
[EventDate "2016.03.08"]

1. Nf3 d5 2. g3 Nf6 3. Bg2 c5 4. O-O g6 5. c4 d4 6. e3 Bg7 7. exd4 cxd4 8. d3
Nc6 9. Re1 O-O 10. a3 a5 11. Nbd2 Nd7 12. b3 Nc5 13. Ne4 Nxe4 14. Rxe4 Bf5 15.
Rh4 f6 16. Rf4 Qd7 17. Nh4 Bh3 18. Bxh3 Qxh3 19. Nf3 e5 20. Rh4 Qd7 21. Bh6 Bxh6
22. Rxh6 Qg7 23. Rh4 Rae8 24. b4 axb4 25. axb4 Nxb4 26. Qd2 Nc6 27. Re1 g5 28.
Rhe4 f5 29. R4e2 h6 30. Qb2 Re7 31. Qb5 Rfe8 32. Nd2 Qf7 33. f3 Kg7 34. Nb3 Qh5
35. Rf2 Qg6 36. Nc5 Na7 37. Qb4 Qd6 38. Rb2 Qc6 39. Nxb7 Nc8 40. Rf1 e4 41. fxe4
fxe4 42. dxe4 Qxe4 43. Nd6 Nxd6 44. Qxd6 Qe3+ 45. Kg2 Qe4+ 46. Kg1 Qe3+ 47. Kg2
Qe4+ 1/2-1/2

[Event "Reykjavik Open 2016"]
[Site "Reykjavik ISL"]
[Date "2016.03.09"]
[Round "3.2"]
[White "Holm, Kristian Stuvik"]
[Black "Sargissian, Gabriel"]
[Result "1/2-1/2"]
[WhiteTitle "IM"]
[BlackTitle "GM"]
[WhiteElo "2414"]
[BlackElo "2702"]
[WhiteFideId "1508083"]
[BlackFideId "13300881"]
[EventDate "2016.03.08"]

1. d4 Nf6 2. c4 e6 3. Nc3 d5 4. Nf3 Nbd7 5. Bg5 Be7 6. e3 O-O 7. Rc1 a6 8. cxd5
exd5 9. Be2 c6 10. O-O Re8 11. Qc2 Nf8 12. Na4 Ne4 13. Bxe7 Qxe7 14. Nb6 Rb8 15.
Nxc8 Rbxc8 16. Bd3 Rcd8 17. Rb1 Ng6 18. b4 Nh4 19. Bxe4 dxe4 20. Nxh4 Qxh4 21.
a4 Rd6 22. b5 axb5 23. axb5 Rg6 24. f4 exf3 25. Rxf3 Qe7 26. bxc6 bxc6 27. Rbf1
Rf8 28. h3 Re6 29. Qc3 g6 30. Kh1 h5 31. Qb3 Kg7 32. Qc3 Kh7 33. Qb3 Kg8 34. Qc3
Kh7 1/2-1/2

[Event "Reykjavik Open 2016"]
[Site "Reykjavik ISL"]
[Date "2016.03.09"]
[Round "3.3"]
[White "Cheparinov, Ivan"]
[Black "Tan, Justin2"]
[Result "1-0"]
[WhiteTitle "GM"]
[BlackTitle "IM"]
[WhiteElo "2684"]
[BlackElo "2441"]
[WhiteFideId "2905540"]
[BlackFideId "3206882"]
[EventDate "2016.03.08"]

1. d4 Nf6 2. c4 e6 3. Nf3 d5 4. g3 dxc4 5. Bg2 a6 6. O-O Nc6 7. e3 Bd7 8. Qe2
Bd6 9. Qxc4 O-O 10. Rd1 Qe7 11. Nc3 h6 12. Nd2 e5 13. Nde4 Nxe4 14. Nxe4 Rad8
15. d5 Na7 16. Bd2 b5 17. Qb3 Bf5 18. Nxd6 cxd6 19. e4 Bg6 20. Qa3 Qb7 21. Ba5
Rd7 22. g4 Nc8 23. Rac1 Ne7 24. Rc3 Rb8 25. Qb4 Rc8 26. Rdc1 Rxc3 27. Qxc3 f6
28. a3 Qb8 29. Qe3 Rb7 30. h4 Be8 31. h5 Nc8 32. Rc3 Nb6 33. b3 Qa7 34. Bf1 Rb8
35. Qc1 Bd7 36. Be2 Rc8 37. Rxc8+ Nxc8 38. Qc7 Qxc7 39. Bxc7 Kf7 40. f3 Ke7 41.
Kf2 Be8 42. Bf1 Kd7 43. Ba5 Ne7 44. Bh3 Kc8 45. g5+ Bd7 46. gxh6 gxh6 47. Be6 f5
48. Bf7 f4 49. Kg2 1-0

[Event "Reykjavik Open 2016"]
[Site "Reykjavik ISL"]
[Date "2016.03.09"]
[Round "3.4"]
[White "Thorfinnsson, Bjorn"]
[Black "Melkumyan, Hrant"]
[Result "1/2-1/2"]
[WhiteTitle "IM"]
[BlackTitle "GM"]
[WhiteElo "2410"]
[BlackElo "2653"]
[WhiteFideId "2300982"]
[BlackFideId "13302485"]
[EventDate "2016.03.08"]

1. Nf3 g6 2. g3 Bg7 3. Bg2 e5 4. e4 Nc6 5. c3 Nf6 6. d4 d6 7. dxe5 Nxe5 8. Nxe5
dxe5 9. Qxd8+ Kxd8 10. f3 Be6 11. Nd2 Nd7 12. Bf1 a5 13. Bc4 Ke7 14. Ke2 a4 15.
Rd1 Rhb8 16. Bxe6 Kxe6 17. Nf1 b5 18. Ne3 c6 19. Nc2 Bf8 20. f4 f6 21. f5+ Ke7
22. Nb4 Rc8 23. Be3 Ke8 24. Rd2 Nc5 25. Kf3 Na6 26. Nxa6 Rxa6 27. Rad1 Raa8 28.
fxg6 hxg6 29. h4 Rd8 30. g4 Rxd2 31. Rxd2 Rb8 32. h5 g5 33. Ke2 Rb7 34. Kd3 Kf7
35. Rf2 Kg7 36. b4 Rd7+ 37. Kc2 Be7 38. Bc5 Bd8 39. Rf3 Kf7 40. a3 Be7 41. Bf2
Rd8 42. c4 Rd7 43. Rc3 Bd8 44. Be3 Kg7 45. cxb5 cxb5 46. Rc6 Rc7 47. Rc5 Kf7 48.
Kd3 Rb7 49. Rc8 Be7 50. Bc5 Rd7+ 51. Ke3 Rb7 52. Bxe7 Rxe7 53. Rb8 Rc7 54. Rxb5
Rc3+ 55. Kd2 Rxa3 56. Rb7+ Ke6 57. Ra7 Kd6 58. Ra6+ Kc7 59. h6 Rh3 60. Rxf6 Rh4
61. Re6 Rxg4 62. Rxe5 Kb6 63. h7 Rh4 64. Rxg5 Rxh7 65. Ra5 Rh3 66. Rxa4 Kb5 67.
Ra8 Kxb4 68. Rc8 Kb5 69. e5 Rh5 70. Re8 Kc6 71. Kd3 1/2-1/2

[Event "Reykjavik Open 2016"]
[Site "Reykjavik ISL"]
[Date "2016.03.09"]
[Round "3.5"]
[White "Jones, Gawain C B"]
[Black "Thorfinnsson, Bragi"]
[Result "1-0"]
[WhiteTitle "GM"]
[BlackTitle "IM"]
[WhiteElo "2645"]
[BlackElo "2419"]
[WhiteFideId "409561"]
[BlackFideId "2300958"]
[EventDate "2016.03.08"]

1. e4 e5 2. Nf3 Nf6 3. Nxe5 d6 4. Nf3 Nxe4 5. c4 Be7 6. Nc3 Nxc3 7. dxc3 Nc6 8.
Qc2 O-O 9. Bd3 h6 10. Be3 Bf6 11. h3 Re8 12. O-O-O Ne5 13. Nxe5 Rxe5 14. Kb1 Bd7
15. Bf4 Re8 16. f3 Be5 17. Bc1 Bg3 18. Bh7+ Kh8 19. Be4 Bc6 20. Bxc6 bxc6 21. h4
Qe7 22. Rh3 Be1 23. g4 Qe2 24. Rh1 Qxc2+ 25. Kxc2 Re2+ 26. Kd3 Rae8 27. b4 a6
28. Bf4 Kg8 29. h5 f6 30. Rh2 Rxh2 31. Bxh2 Bf2 32. Bf4 Kf7 33. a4 Bh4 34. Be3
f5 35. a5 Bf6 36. Re1 fxg4 37. fxg4 Re5 38. Bd2 Rxe1 39. Bxe1 Ke6 1-0

[Event "Reykjavik Open 2016"]
[Site "Reykjavik ISL"]
[Date "2016.03.09"]
[Round "3.6"]
[White "Liang, Awonder"]
[Black "Gupta, Abhijeet"]
[Result "0-1"]
[WhiteTitle "IM"]
[BlackTitle "GM"]
[WhiteElo "2405"]
[BlackElo "2634"]
[WhiteFideId "2056437"]
[BlackFideId "5010608"]
[EventDate "2016.03.08"]

1. e4 c5 2. Nf3 d6 3. d4 cxd4 4. Nxd4 Nf6 5. Nc3 Nc6 6. Bg5 e6 7. Qd2 a6 8.
O-O-O Bd7 9. f4 b5 10. Bxf6 gxf6 11. Kb1 Qb6 12. Nf3 b4 13. Ne2 a5 14. f5 e5 15.
Ng3 h5 16. Qd5 Rc8 17. Bb5 Qc7 18. Bc4 Nd8 19. b3 Ke7 20. Qd3 Nb7 21. Qe2 Nc5
22. Nd2 h4 23. Ngf1 Bh6 24. Ne3 Bxe3 25. Qxe3 a4 26. g4 axb3 27. cxb3 Ra8 28. g5
Qa7 29. gxf6+ Kxf6 30. Rhg1 Rh5 31. a4 Nxa4 32. Qf3 Nc5 33. Kc2 Qa2+ 34. Kc1 Rc8
35. Rg6+ fxg6 36. fxg6+ Rf5 37. exf5 Bxf5 38. Ne4+ Nxe4 39. g7 Qa3+ 40. Kc2
Rxc4+ 0-1

[Event "Reykjavik Open 2016"]
[Site "Reykjavik ISL"]
[Date "2016.03.09"]
[Round "3.7"]
[White "Gretarsson, Hjorvar Steinn"]
[Black "Antal, Tibor Kende"]
[Result "1-0"]
[WhiteTitle "GM"]
[BlackTitle "FM"]
[WhiteElo "2572"]
[BlackElo "2406"]
[WhiteFideId "2302241"]
[BlackFideId "738581"]
[EventDate "2016.03.08"]

1. d4 d5 2. c4 c6 3. Nf3 Nf6 4. e3 Bg4 5. Qb3 Qb6 6. Ne5 Bh5 7. cxd5 Nxd5 8. Bd2
Qxb3 9. axb3 Nd7 10. e4 Nxe5 11. dxe5 Nc7 12. f4 f6 13. Bc3 O-O-O 14. Nd2 fxe5
15. Bxe5 e6 16. Rxa7 Bb4 17. Bc3 Bc5 18. Ra1 Rhf8 19. g3 g5 20. Ra5 b6 21. Rxc5
bxc5 22. fxg5 Nb5 23. Bf6 Nd4 24. Ba6+ Kd7 25. O-O Ra8 26. Bd3 Be2 27. Bxe2
Nxe2+ 28. Kg2 Nd4 29. h4 e5 30. Rc1 Ra2 31. Nc4 Ke6 32. Bxe5 Nxb3 33. Rd1 Nd4
34. Bd6 Rf7 35. Bxc5 Nb5 36. Rd8 Ra4 37. b3 Ra2+ 38. Kh3 Re2 39. Re8+ Kd7 40.
Re5 Nc3 41. Rf5 Ke6 42. Nd6 Rd7 43. Rf6+ Ke5 44. b4 h5 45. Nf7+ Kxe4 46. Rf4+
Kd3 47. g6 Nd5 48. Rf3+ Ke4 49. g7 1-0

[Event "Reykjavik Open 2016"]
[Site "Reykjavik ISL"]
[Date "2016.03.09"]
[Round "3.8"]
[White "Hauge, Lars Oskar"]
[Black "Brunello, Sabino"]
[Result "1/2-1/2"]
[WhiteTitle "FM"]
[BlackTitle "GM"]
[WhiteElo "2393"]
[BlackElo "2567"]
[WhiteFideId "1509276"]
[BlackFideId "813613"]
[EventDate "2016.03.08"]

1. e4 c5 2. Nf3 e6 3. d3 d5 4. Qe2 Nf6 5. g3 Nc6 6. Bg2 Be7 7. O-O b5 8. Re1 Bb7
9. exd5 Qxd5 10. c4 bxc4 11. dxc4 Qd8 12. Nc3 O-O 13. Bf4 Qb6 14. Nb5 Rac8 15.
Rad1 Rfd8 16. Rxd8+ Nxd8 17. Rd1 Bc6 18. Ne5 Bxg2 19. Kxg2 a6 20. Nc3 Nc6 21.
Nxc6 Qxc6+ 22. Qf3 Kf8 23. Qxc6 Rxc6 24. Kf3 Ke8 25. b3 Nd7 26. Ne4 e5 27. Be3
f5 28. Nc3 Nf8 29. Ke2 Ne6 30. Nd5 Bd8 31. Bc1 Nd4+ 32. Kd3 g5 33. Bb2 Nf3 34.
Ke3 Nxh2 35. Rh1 Rh6 36. Ke2 e4 37. Ne3 f4 38. Nf5 Rh3 39. Nd6+ Kd7 40. Nxe4 Be7
41. gxf4 gxf4 42. Bc1 f3+ 43. Kd3 Rh4 44. Be3 Kc6 45. a3 h5 46. b4 cxb4 47. axb4
Ng4 48. Rxh4 Bxh4 49. Nd2 Bxf2 50. b5+ 1/2-1/2

[Event "Reykjavik Open 2016"]
[Site "Reykjavik ISL"]
[Date "2016.03.09"]
[Round "3.9"]
[White "Ramirez, Alejandro"]
[Black "Braun, Christian2"]
[Result "1-0"]
[WhiteTitle "GM"]
[BlackTitle "IM"]
[WhiteElo "2564"]
[BlackElo "2386"]
[WhiteFideId "6500617"]
[BlackFideId "4692098"]
[EventDate "2016.03.08"]

1. c4 Nf6 2. g3 g6 3. Bg2 d5 4. cxd5 Nxd5 5. Nc3 Nb6 6. h4 h6 7. d3 Bg7 8. Be3
Nc6 9. Bxc6+ bxc6 10. Nf3 Bg4 11. Rc1 Nd5 12. Nxd5 Qxd5 13. b3 Bxf3 14. exf3
Qa5+ 15. Qd2 Qxd2+ 16. Kxd2 Kd7 17. Rc4 a5 18. h5 g5 19. f4 gxf4 20. Rxf4 Bf6
21. Ra4 Be5 22. Bd4 Bxd4 23. Rxd4+ Ke8 24. Rc1 Ra6 25. Rc5 a4 26. Rxa4 Rxa4 27.
bxa4 Kd7 28. a5 Ra8 29. Ke3 Kd6 30. d4 e6 31. g4 f6 32. f4 Rg8 33. Kf3 1-0

[Event "Reykjavik Open 2016"]
[Site "Reykjavik ISL"]
[Date "2016.03.09"]
[Round "3.10"]
[White "Mihajlov, Sebastian"]
[Black "Tari, Aryan"]
[Result "1/2-1/2"]
[WhiteTitle "FM"]
[BlackTitle "IM"]
[WhiteElo "2387"]
[BlackElo "2553"]
[WhiteFideId "1512110"]
[BlackFideId "1510045"]
[EventDate "2016.03.08"]

1. d4 d5 2. Nf3 Nf6 3. e3 g6 4. Bd3 Bg7 5. O-O O-O 6. b3 c5 7. Bb2 Nc6 8. Nbd2
Nd7 9. c4 cxd4 10. Nxd4 Nxd4 11. Bxd4 Bxd4 12. exd4 dxc4 13. Nxc4 Nf6 14. Qe2
Qxd4 15. Qxe7 Re8 16. Qd6 Qxd6 17. Nxd6 Rd8 18. Ne4 Rxd3 19. Nxf6+ Kg7 20. Ne8+
Kf8 21. Nc7 Rb8 22. Rfd1 Bf5 23. Rxd3 Bxd3 24. Rd1 Bc2 25. Rd2 Bf5 26. Nb5 Rc8
27. f3 a6 28. Nd6 Rd8 29. Nc4 Rxd2 30. Nxd2 Ke7 31. Kf2 Kd6 32. g4 Bc2 33. Ke3
Kc5 34. a3 a5 35. Ne4+ Kc6 36. Ng5 Bxb3 37. Nxh7 b5 38. h4 Kd6 39. Nf6 Ke7 40.
Ne4 b4 41. axb4 axb4 42. h5 gxh5 43. gxh5 Bc2 44. h6 Bxe4 45. fxe4 Kf6 46. Kd4
Kg6 47. Kc4 Kxh6 48. Kxb4 f5 49. exf5 Kg5 50. f6 Kg6 51. f7 Kg7 52. f8=B+ 1/2-1/2

[Event "Reykjavik Open 2016"]
[Site "Reykjavik ISL"]
[Date "2016.03.09"]
[Round "3.11"]
[White "Rambaldi, Francesco"]
[Black "Hedman, Erik"]
[Result "1-0"]
[WhiteTitle "GM"]
[BlackTitle "FM"]
[WhiteElo "2541"]
[BlackElo "2349"]
[WhiteFideId "20657307"]
[BlackFideId "1702351"]
[EventDate "2016.03.08"]

1. e4 c5 2. Nf3 Nc6 3. d4 cxd4 4. Nxd4 Nf6 5. Nc3 d6 6. Bg5 e6 7. Qd2 a6 8.
O-O-O Bd7 9. f4 b5 10. Bxf6 gxf6 11. Kb1 Qb6 12. Nxc6 Bxc6 13. f5 b4 14. Ne2 e5
15. Ng3 h5 16. h4 Bh6 17. Qxd6 Rd8 18. Qxd8+ Qxd8 19. Rxd8+ Kxd8 20. Bxa6 Rg8
21. Rh3 Bf4 22. Nxh5 Rxg2 23. Rh1 Bxe4 24. Bd3 Bxd3 25. cxd3 Be3 26. Nxf6 Bd4
27. b3 Rb2+ 28. Kc1 Rxa2 29. Rh3 Ke7 30. Nd5+ Kd6 31. Nxb4 Rf2 32. h5 Kc5 33.
Na6+ Kb6 34. Nb8 Rxf5 35. h6 e4 36. dxe4 Rc5+ 37. Kd2 Rc8 38. Nd7+ Kc6 39. Rd3
Ba1 40. e5 Rh8 41. Rd6+ Kc7 42. Kd3 Bb2 43. Ke4 Bc1 44. Nf6 Bxh6 45. Rd7+ Kc6
46. Rxf7 Rb8 47. Nd5 Bf8 48. Kd4 Kb5 49. Rc7 Ba3 50. e6 Bd6 51. Rc4 Rh8 52. Nc3+
Kb6 53. Kd5 Be7 54. Na4+ Kb5 55. Nc3+ Kb6 56. Rg4 Rh5+ 57. Kc4 Kc6 58. b4 Kd6
59. Re4 Re5 60. Nb5+ 1-0

[Event "Reykjavik Open 2016"]
[Site "Reykjavik ISL"]
[Date "2016.03.09"]
[Round "3.12"]
[White "Brunello, Marina"]
[Black "Bromberger, Stefan"]
[Result "1/2-1/2"]
[WhiteTitle "FM"]
[BlackTitle "GM"]
[WhiteElo "2363"]
[BlackElo "2532"]
[WhiteFideId "822590"]
[BlackFideId "4635248"]
[EventDate "2016.03.08"]

1. e4 e5 2. Nf3 Nc6 3. Bc4 Nf6 4. d3 Be7 5. c3 O-O 6. Nbd2 d6 7. Bb3 Nd7 8. d4
Bf6 9. Nf1 exd4 10. cxd4 Na5 11. Bc2 c5 12. Ne3 Nc6 13. dxc5 Nxc5 14. Nc4 Nb4
15. O-O Nxc2 16. Qxc2 Nxe4 17. Qxe4 d5 18. Qc2 dxc4 19. Qxc4 Be6 20. Qe2 Rc8 21.
Rd1 Bc4 22. Rxd8 Bxe2 23. Rxc8 Rxc8 24. Be3 Rd8 25. Bxa7 Bxb2 26. Rb1 b5 27. Bb6
Rc8 28. Be3 Bf6 29. Nd4 Bd3 30. Rb4 Be7 31. Rb3 Bc4 32. Rb1 Bd3 33. Rb3 Bc4 34.
Rb1 b4 35. Rc1 Rc5 36. Nf5 Rxf5 1/2-1/2

[Event "Reykjavik Open 2016"]
[Site "Reykjavik ISL"]
[Date "2016.03.09"]
[Round "3.13"]
[White "Shabalov, Alexander"]
[Black "Midoux, Sebastien"]
[Result "1-0"]
[WhiteTitle "GM"]
[WhiteElo "2520"]
[BlackElo "2342"]
[WhiteFideId "2008572"]
[BlackFideId "611140"]
[EventDate "2016.03.08"]

1. e4 c5 2. Na3 Nf6 3. e5 Nd5 4. g3 Nc6 5. Bg2 e6 6. Nf3 d6 7. exd6 Bxd6 8. O-O
O-O 9. Nc4 Be7 10. d4 cxd4 11. Nxd4 Nxd4 12. Qxd4 Nb4 13. Qe4 Qd5 14. Qe2 Qb5
15. a4 Qa6 16. c3 Nd5 17. Re1 Rd8 18. Bd2 Nb6 19. Ne5 Qxe2 20. Rxe2 a5 21. b3 f6
22. Ng4 e5 23. Ne3 Bc5 24. Rb1 Ra7 25. b4 axb4 26. cxb4 Bd4 27. a5 Na4 28. Rc1
b6 29. Be1 bxa5 30. bxa5 Be6 31. Rec2 Nb2 32. Be4 g6 33. g4 Rdd7 34. Rb1 Bxe3
35. Rbxb2 Bd4 36. Rb8+ Kg7 37. h3 f5 38. Rc6 fxe4 39. Rxe6 Rdc7 40. Rb1 Kf7 41.
Reb6 e3 42. fxe3 Bxe3+ 43. Kf1 Bd4 44. R1b3 Ke8 45. Rb8+ Kd7 46. Ke2 Kc6 47. Kd3
Rf7 48. Rc8+ Kd7 49. Rbb8 Rf3+ 50. Kc4 Rc7+ 51. Rxc7+ Kxc7 52. Rb3 Rf1 53. Bc3
Rc1 54. Kd3 h5 55. g5 Kd6 56. Bxd4 exd4 57. Kxd4 h4 58. Rb6+ Kc7 59. Rxg6 Rh1
60. Rh6 Rxh3 61. Ke5 Kb7 62. g6 Rh1 63. g7 Rg1 64. Kf6 Rf1+ 65. Ke7 1-0

[Event "Reykjavik Open 2016"]
[Site "Reykjavik ISL"]
[Date "2016.03.09"]
[Round "3.14"]
[White "Gislason, Gudmundur"]
[Black "Di Berardino, Diego Rafael"]
[Result "1/2-1/2"]
[WhiteTitle "FM"]
[BlackTitle "IM"]
[WhiteElo "2338"]
[BlackElo "2511"]
[WhiteFideId "2300559"]
[BlackFideId "2105446"]
[EventDate "2016.03.08"]

1. e4 e5 2. Nf3 Nc6 3. Bb5 a6 4. Ba4 Nf6 5. O-O Be7 6. Re1 b5 7. Bb3 d6 8. h3
Na5 9. d4 Nxb3 10. axb3 Bb7 11. d5 O-O 12. c4 c6 13. dxc6 Bxc6 14. Nc3 h6 15.
Qe2 Qc8 16. Nh2 Bd7 17. Nf1 b4 18. Na4 Qb7 19. Ne3 Kh7 20. Nf5 Bxf5 21. exf5
Rfe8 22. Be3 d5 23. cxd5 Nxd5 24. Qf3 Qb5 25. Qe4 Nf6 26. Qc4 Kg8 27. Nb6 Qxc4
28. bxc4 Ra7 29. Nd5 Rd7 30. Nxe7+ Rexe7 31. Rxa6 Rd3 32. Bc5 Rb7 33. Rxe5 b3
34. Rd6 Rd7 35. Rxd7 Nxd7 36. Re8+ Kh7 37. Ba3 Rd1+ 38. Kh2 Nb6 39. Re4 Rc1 40.
c5 Nc4 41. Re2 Rc2 42. Re7 Nxb2 43. Bxb2 Rxb2 44. f3 f6 45. Rb7 Rc2 46. Rxb3
Rxc5 47. g4 h5 48. Kg3 hxg4 49. hxg4 g6 50. fxg6+ Kxg6 51. f4 Rc1 52. Rb6 Kg7
53. f5 Rg1+ 54. Kh3 Rh1+ 55. Kg2 Ra1 56. Rb8 Ra3 57. Kf2 Rc3 58. Re8 Ra3 59. Re3
Ra1 60. Kg3 Rg1+ 61. Kf4 Rf1+ 62. Rf3 Ra1 63. Kg3 Rg1+ 64. Kh4 Rh1+ 65. Rh3 Ra1
66. Rh2 Rb1 67. g5 fxg5+ 68. Kxg5 Rg1+ 69. Kf4 1/2-1/2